| 000 | 00509nam a2200169 i 4500 | ||
|---|---|---|---|
| 001 | 74735 | ||
| 003 | ES-MaACL | ||
| 005 | 20230906172228.0 | ||
| 007 | t| | ||
| 008 | 040920s1922 cl ||||1| spa d | ||
| 100 | 1 |
_aGonzález y Valdés, Enrique S. _959043 |
|
| 245 | 1 | 3 |
_aLa venganza del genio _b: crítica, arte, ideal y ciencia / _cE. S. González y Valdés. |
| 250 | _a[2ª ed.]. | ||
| 260 |
_aSantiago de Chile : _bLa Ilustración, _c1922. |
||
| 300 |
_a47 p. ; _c20 cm. |
||
| 852 |
_aES-MaACL _j1647-F-7 |
||
| 999 |
_c74735 _d74735 |
||